| 000 | 00944cab a2200253 4500 | ||
|---|---|---|---|
| 001 | ABS58600 | ||
| 008 | 090401t1998 xxu||||| |||| 00| 0 eng d | ||
| 035 | _a(Sirsi) u85509 | ||
| 041 | _aeng | ||
| 100 | _aWard, C. | ||
| 245 | _aWhen a lease comes to an end | ||
| 260 | _c1998 | ||
| 350 | _a0 | ||
| 490 |
_aThe Valuer _vMarch/April 1998, 23(1) |
||
| 520 | _aCase study illustrates what happens when a lease comes to an end, concentrating on: the Local Government and Housing Act 1989, notice of termination and options available to leaseholder and landlord. | ||
| 650 | _aLEASE | ||
| 650 | _aLOCAL GOVERNMENT AND HOUSING ACT 1989 | ||
| 650 | _aLONG LEASES | ||
| 650 | _aNOTICE OF TERMINATION | ||
| 650 | _aPROPERTY-RESIDENTIAL PROPERTY-RESIDENTIAL LANDLORD AND TENANT-RESIDENTIAL TENANCIES | ||
| 690 | _aPROPERTY-RESIDENTIAL PROPERTY-RESIDENTIAL LANDLORD AND TENANT-RESIDENTIAL TENANCIES | ||
| 942 | _n0 | ||
| 948 | _c08/04/1998 | ||
| 999 |
_c53772 _d53772 |
||